000
00507nam a2200181Ia 4500
008
090124s9999 xx 000 0 und d
082
_b
129526
100
_a
सामंत बाळ
245
_a
शूरा मी वंदिले
250
_a
1
260
_c
2000
300
_a
172
600
_a
सामंत बाळ
630
_a
शूरा मी वंदिले
700
_a
सामंत बाळ
730
_a
शूरा मी वंदिले
942
_c
BOOK
999
_c
175615
_d
175615